| 000 | 01287nkm a2200289 i 4500 | ||
|---|---|---|---|
| 001 | 3583 | ||
| 003 | ES-MaACL | ||
| 005 | 20250713062754.0 | ||
| 007 | khrbo | ||
| 008 | 051121s1985 sp --- g |001||spa d | ||
| 100 | 0 |
_aAlfonso, _d1902-1990 _919858 |
|
| 245 | 1 | 0 |
_aRecital de Arias de ópera [ _hFotografía] / _cAlfonso (sello). |
| 260 |
_a[S.l. : _bs.n.], _c1985. |
||
| 300 |
_a5 fot. : _bb. y n. ; _c12 x 18 cm. |
||
| 500 | _aDatos basados en invitación. | ||
| 511 | 0 | _aIntervienen: Mercedes Martínez, Enrique Viana. | |
| 518 | _aActo organizado por el Ateneo de Madrid en colaboración con la Asociación Madrileña de Amigos de la Música, celebrado en el salón de actos el miércoles, 13 de febrero de 1985, a las 22:00 h. | ||
| 600 | 1 | 4 |
_aMartínez, Mercedes. _977793 |
| 600 | 1 | 4 |
_aViana, Enrique. _9114280 |
| 610 | 2 | 4 |
_aAteneo de Madrid- _xActos culturales- _y1985- _vFotografías. _91900 |
| 710 | 2 |
_aAteneo de Madrid. _91875 |
|
| 710 | 2 |
_aAsociación Madrileña de Amigos de la Música. _91745 |
|
| 852 |
_aES-MaACL _jFOT 147/1985 |
||
| 856 | 4 |
_uhttp://www.ateneodemadrid.net/biblioteca_digital/imagenes/1985/0147_01-1985.jpg _zVer imagen |
|
| 856 | 4 |
_uhttp://www.ateneodemadrid.net/biblioteca_digital/imagenes/1985/0147_02-1985.jpg _zVer imagen |
|
| 999 |
_c3583 _d3583 |
||